[Event "Pohar mesta Ricany 2010 - cena Klidneho mesta"]
[Site "http://www.openricany.cz"]
[Date "2010.08.24"]
[Round "5.32"]
[White "Luzikova, Nicola"]
[Black "Paukert, Jan"]
[Result "0-1"]
[WhiteElo "1740"]
[BlackElo "1928"]

1. e4 e5 2. Nf3 Nc6 3. d4 exd4 4. Nxd4 Nf6 5. Nc3 Bb4 6. Nxc6 bxc6 7. Bd3 d5
8. exd5 cxd5 9. O-O O-O 10. Bg5 c6 11. Qf3 Be7 12. Rfe1 Rb8 13. Rab1 Be6 14. Ne2
c5 15. c3 d4 16. b3 Ng4 17. Bxe7 Qxe7 18. cxd4 cxd4 19. Nxd4 Qd6 20. Nxe6 Qxh2+
21. Kf1 Qh5 22. Qh3 Nh2+ 23. Kg1 Qxh3 24. gxh3 Nf3+ 25. Kh1 Nxe1 26. Rxe1 fxe6
27. Rxe6 Rxf2 28. Bc4 Kf8 29. a3 Re8 30. Rxe8+ Kxe8 31. Kg1 Rd2 32. b4 Ke7
33. b5 Rd1+ 34. Kf2 Ra1 35. Bd3 Rxa3 36. Bxh7 Rxh3 0-1

[Event "Pohar mesta Ricany 2010 - cena Klidneho mesta"]
[Site "http://www.openricany.cz"]
[Date "2010.08.24"]
[Round "5.38"]
[White "Martinec, Jan"]
[Black "Lexa, Vaclav"]
[Result "0-1"]
[WhiteElo "1832"]
[BlackElo "1909"]

1. e4 c5 2. Nc3 e6 3. g3 d6 4. Bg2 Nc6 5. d3 g6 6. Be3 Bg7 7. Qd2 Nd4 8. Nd1
Ne7 9. c3 Ndc6 10. f4 Rb8 11. Nf3 b5 12. O-O O-O 13. g4 b4 14. Nh4 f5 15. Nf2
Qa5 16. Rfc1 d5 17. exd5 exd5 18. d4 bxc3 19. bxc3 cxd4 20. cxd4 Qxd2 21. Bxd2
Nxd4 22. Bf1 fxg4 23. Kg2 Nf3 24. Nxf3 gxf3+ 25. Kxf3 Bxa1 26. Rxa1 Nf5 27. Bc3
d4 28. Bc4+ Kg7 29. Ba5 Rb2 30. Bc7 Bb7+ 31. Ne4 Rc2 32. Be5+ Kh6 33. Bd3 Rc3
34. Ke2 {Partie je dále neèitelná} 0-1

[Event "Pohar mesta Ricany 2010 - cena Klidneho mesta"]
[Site "http://www.openricany.cz"]
[Date "2010.08.24"]
[Round "5.8"]
[White "Sedy, Pavel"]
[Black "Rut, Vojtech"]
[Result "1-0"]
[WhiteElo "2156"]
[BlackElo "1972"]

1. e4 c5 2. Nf3 e6 3. d4 cxd4 4. Nxd4 a6 5. c4 Nf6 6. Bd3 Nc6 7. Be3 Bb4+
8. Nc3 d5 9. Nxc6 bxc6 10. Qa4 Bxc3+ 11. bxc3 O-O 12. e5 Ng4 13. Bf4 f6 14. Qxc6
Ra7 15. cxd5 fxe5 16. Bg3 Rc7 17. Qa4 exd5 18. O-O h5 19. Rae1 Rxc3 20. Bxa6 e4
21. Bxc8 Qxc8 22. Qd4 Qc4 23. Rd1 Qxd4 24. Rxd4 Rc2 25. h3 Nf6 26. a4 Ra2
27. Bh4 Ra8 28. Bxf6 gxf6 29. Rxd5 R8xa4 30. Rxh5 Re2 31. Rb5 Raa2 32. Rb3 Kf7
33. g4 Kg6 34. h4 Rac2 35. Rh3 Kh6 36. Re3 Rxe3 37. fxe3 Kg6 38. Rf4 Rc4 39. Kg2
Ra4 40. Kg3 Rc4 41. Rf5 Rc3 42. Kf4 Rc4 43. h5+ Kg7 44. Rd5 Kf7 45. Rd7+ Ke6
46. Rd4 1-0

[Event "Pohar mesta Ricany 2010 - cena Klidneho mesta"]
[Site "http://www.openricany.cz"]
[Date "2010.08.24"]
[Round "5.27"]
[White "Sargsyan, Karen"]
[Black "Cervenka, Petr"]
[Result "1-0"]
[WhiteElo "1841"]
[BlackElo "1990"]

1. e4 e6 2. d4 d5 3. exd5 exd5 4. Nf3 Bd6 5. Bd3 Ne7 6. O-O Bf5 7. Bg5 f6
8. Bd2 O-O 9. Nh4 Bxd3 10. cxd3 Nbc6 11. Be3 Qd7 12. Nc3 g5 13. Nf3 g4 14. Nh4
f5 15. f4 Rae8 16. g3 Bb4 17. a3 Ba5 18. Na4 Ng6 19. Ng2 Qg7 20. b4 Bb6 21. Nxb6
axb6 22. Qb3 Rd8 23. Qc3 Rfe8 24. b5 Rxe3 25. Nxe3 Nxd4 26. Kg2 c5 27. bxc6 bxc6
28. Rab1 c5 29. Rxb6 Qh6 30. Qxc5 Qh3+ 31. Kh1 Ne2 32. Rg1 d4 33. Qxf5 Nexf4
34. gxf4 dxe3 35. Qe6+ Kg7 36. Qf6+ Kh6 37. Qg5+ Kg7 38. Rb7+ Kg8 39. Qxd8+ Nf8
40. Qg5+ Ng6 41. Qd5+ 1-0

[Event "Pohar mesta Ricany 2010 - cena Klidneho mesta"]
[Site "http://www.openricany.cz"]
[Date "2010.08.24"]
[Round "5.18"]
[White "Ries, Vilem"]
[Black "Skacel, Jan"]
[Result "1/2-1/2"]
[WhiteElo "1940"]
[BlackElo "2073"]

1. e4 e5 2. Nf3 Nc6 3. Bb5 a6 4. Ba4 Nf6 5. d4 Nxe4 6. O-O b5 7. Bb3 d5 8. Re1
Be6 9. dxe5 Be7 10. Be3 O-O 11. c3 Qd7 12. Bc2 Rad8 13. Nbd2 Bg4 14. Qb1 Nxd2
15. Bxh7+ Kh8 16. Bxd2 g6 17. e6 Bxe6 18. Bxg6 fxg6 19. Qxg6 Bf5 20. Qh5+ Bh7
21. Ne5 Nxe5 22. Rxe5 Rf5 23. Qe2 Bf6 24. Re6 Bg7 25. Re1 Rdf8 26. Re7 Qd6
27. Re6 Qd7 28. Re7 Qd6 29. Re6 Qd7 30. Re7 1/2-1/2

[Event "Pohar mesta Ricany 2010 - cena Klidneho mesta"]
[Site "http://www.openricany.cz"]
[Date "2010.08.24"]
[Round "5.10"]
[White "Mejzr, Jan"]
[Black "Moravec, Vit"]
[Result "1/2-1/2"]
[WhiteElo "1863"]
[BlackElo "2065"]

1. e4 c5 2. Nc3 e6 3. Nf3 a6 4. d4 cxd4 5. Nxd4 Qc7 6. Be2 Nf6 7. Bf3 d6 8. O-O
Nbd7 9. g3 Be7 10. Bg2 O-O 11. f4 Rb8 12. Be3 b5 13. e5 dxe5 14. Nc6 Bd6
15. Nxb8 Qxb8 16. f5 exf5 17. Rxf5 b4 18. Nd5 Nxd5 19. Bxd5 Nb6 20. Rf2 Nxd5
21. Qxd5 Bb7 22. Qc4 Qc8 23. Qxc8 Bxc8 24. Rd1 Be7 25. Rd5 Be6 26. Rxe5 Bf6
27. Re4 a5 28. a3 Bd5 29. Ref4 Bg5 30. Bc5 Bxf4 31. Rxf4 Rc8 32. axb4 axb4
33. Bxb4 f5 34. Rxf5 Be4 35. Rc5 Rxc5 36. Bxc5 Bxc2 37. b4 Ba4 38. h4 Kf7
39. Kf2 Ke6 40. Bd4 g6 41. Kf3 Kd5 42. Bc3 Kc4 43. Bd2 h5 1/2-1/2

[Event "Pohar mesta Ricany 2010 - cena Klidneho mesta"]
[Site "http://www.openricany.cz"]
[Date "2010.08.24"]
[Round "5.13"]
[White "Drabek, Vojtech"]
[Black "Lacha, Jan"]
[Result "1/2-1/2"]
[WhiteElo "2128"]
[BlackElo "1968"]

1. e4 d5 2. exd5 Qxd5 3. Nc3 Qd6 4. d4 Nf6 5. Nf3 a6 6. Bd3 g6 7. O-O Nc6
8. Re1 Bg4 9. h3 Bxf3 10. Qxf3 O-O-O 11. Bf4 Nxd4 12. Qe3 Qb6 13. Rad1 Ne6
14. Qxb6 cxb6 15. Be5 Bg7 16. Na4 Nd5 17. Bxg7 Nxg7 18. Bc4 b5 19. Bxd5 e6
20. Bb3 bxa4 21. Bxa4 b5 22. Bb3 Nf5 23. c3 Rxd1 24. Rxd1 Rd8 25. Rxd8+ Kxd8
26. Kf1 Kc7 27. Ke2 Kd6 28. Kd3 Nh4 29. g3 Nf3 30. Ke3 Ne5 31. f4 Nc6 32. Bc2 f5
33. g4 Ne7 34. Bb3 h6 35. a4 Nd5+ 36. Kf3 Nb6 37. axb5 axb5 38. gxf5 exf5
39. Bc2 Nc4 40. b3 Nb6 41. Bd3 Kc6 42. h4 Nd5 43. c4 bxc4 44. Bxc4 Ne7 45. b4
Nd5 46. b5+ Kc5 47. Bxd5 Kxd5 48. Ke3 Kc5 49. b6 Kxb6 50. Kd4 Kc6 51. Ke5 Kc5
52. Kf6 Kd5 53. Kxg6 Ke4 54. Kxh6 Kxf4 55. Kg6 Ke4 1/2-1/2

[Event "Pohar mesta Ricany 2010 - cena Klidneho mesta"]
[Site "http://www.openricany.cz"]
[Date "2010.08.24"]
[Round "5.25"]
[White "Postupa Martin"]
[Black "Starek Stanislav"]
[Result "1-0"]
[WhiteElo "2018"]
[BlackElo "1872"]

1. e4 g6 2. Nc3 Bg7 3. g3 c5 4. Bg2 d6 5. d3 Nc6 6. Be3 e6 7. Qd2 Qb6 8. Nd1
Nge7 9. Nh3 Bd7 10. O-O h5 11. c3 h4 12. g4 e5 13. g5 Nd4 14. f4 Ndc6 15. Ndf2
f5 16. b4 exf4 17. Nxf4 Bd4 18. bxc5 Bxe3 19. Qxe3 dxc5 20. Rab1 Qc7 21. exf5
Bxf5 22. Nd5 1-0

[Event "Pohar mesta Ricany 2010 - cena Klidneho mesta"]
[Site "http://www.openricany.cz"]
[Date "2010.08.24"]
[Round "5.22"]
[White "Vevera Radek"]
[Black "Halla Jiri"]
[Result "1/2-1/2"]
[WhiteElo "2044"]
[BlackElo "1912"]

1. e4 e6 2. d4 d5 3. Nc3 Bb4 4. e5 c5 5. a3 Bxc3+ 6. bxc3 Qc7 7. Qg4 f5 8. Qg3
g6 9. Ne2 Bd7 10. h4 Ne7 11. Bd2 Ba4 12. Nf4 Kd7 13. h5 Nbc6 14. Nd3 b6 15. dxc5
Bxc2 16. cxb6 axb6 17. Nb4 Ba4 18. f4 b5 1/2-1/2

[Event "Pohar mesta Ricany 2010 - cena Klidneho mesta"]
[Site "http://www.openricany.cz"]
[Date "2010.08.24"]
[Round "5.12"]
[White "Pechacek Stanislav"]
[Black "Zvara David"]
[Result "1/2-1/2"]
[WhiteElo "2131"]
[BlackElo "2010"]

1. Nf3 Nf6 2. d4 d5 3. c4 c6 4. Nc3 e6 5. e3 Nbd7 6. Qc2 b6 7. Bd2 Bd6 8. h3
O-O 9. g4 dxc4 10. Bxc4 b5 11. Be2 Bb7 12. Rg1 Re8 13. Qb3 h6 14. g5 hxg5
15. Nxg5 Qc7 16. Bf3 e5 17. O-O-O e4 18. Ncxe4 Nxe4 19. Nxe4 c5 20. Nxd6 Qxd6
1/2-1/2

[Event "Pohar mesta Ricany 2010 - cena Klidneho mesta"]
[Site "http://www.openricany.cz"]
[Date "2010.08.24"]
[Round "5.30"]
[White "Urban Mirolsav"]
[Black "Stefan Koper"]
[Result "0-1"]
[WhiteElo "1885"]
[BlackElo "2020"]

1. e4 g6 2. d4 Bg7 3. Nc3 e6 4. f4 d5 5. e5 h5 6. Nf3 Nc6 7. Be3 Nh6 8. Bd3 Nb4
9. a3 Nxd3+ 10. Qxd3 Nf5 11. Bf2 Bd7 12. O-O-O a5 13. Rdg1 a4 14. h4 Bh6 15. Ne2
Ra5 16. Ng5 Bb5 17. Qd2 b6 18. g4 hxg4 19. Rxg4 Bxg5 20. fxg5 Bxe2 21. Qxe2 Rh5
22. Rf1 Qd7 23. Rf4 Ra8 24. Rf3 c6 25. Rh1 Qc8 26. Rhh3 Qa6 27. Qxa6 Rxa6
28. Kd2 Kd7 29. Kd3 Ra8 30. Kc3 Ra5 31. Kb4 Rh8 32. Kc3 c5 33. Kd3 Rb5 34. Kc3
Ke7 35. b4 axb3 36. cxb3 cxd4+ 37. Bxd4 Rc8+ 38. Kb2 Nxd4 0-1

[Event "Pohar mesta Ricany 2010 - cena Klidneho mesta"]
[Site "http://www.openricany.cz"]
[Date "2010.08.24"]
[Round "5.29"]
[White "Krejci Martin"]
[Black "Schamlz Michal"]
[Result "0-1"]
[WhiteElo "1804"]
[BlackElo "1985"]

1. e4 c5 2. Nf3 d6 3. d4 cxd4 4. Nxd4 Nf6 5. Nc3 g6 6. Be3 Bg7 7. Be2 Nc6
8. O-O O-O 9. Nb3 a6 10. f4 b5 11. a3 Bb7 12. Bd3 Nd7 13. Qd2 Nb6 14. Rab1 Rc8
15. Kh1 e6 16. f5 Re8 17. Qf2 Nd7 18. fxe6 fxe6 19. Qf7+ Kh8 20. Bb6 Qxb6
21. Qxd7 Rcd8 22. Qf7 Na5 23. Qf4 d5 24. Be2 d4 25. Na2 Nc4 26. Bxc4 bxc4
27. Nd2 Qc5 28. c3 e5 29. cxd4 exd4 0-1

[Event "Pohar mesta Ricany 2010 - cena Klidneho mesta"]
[Site "http://www.openricany.cz"]
[Date "2010.08.24"]
[Round "5.37"]
[White "Eisner Oldrich"]
[Black "Petrun Milan"]
[Result "0-1"]
[WhiteElo "2184"]
[BlackElo "1968"]

1. d4 Nf6 2. Nf3 g6 3. c4 Bg7 4. g3 c6 5. Bg2 O-O 6. Nc3 d5 7. cxd5 cxd5 8. Ne5
Nc6 9. O-O Bf5 10. Nxc6 bxc6 11. Bf4 Nh5 12. Be3 e5 13. dxe5 Bxe5 14. Bd4 Qe7
15. e3 Nf6 16. Bxe5 Qxe5 17. Qd4 Qxd4 18. exd4 Rab8 19. b3 Rb4 20. Rad1 Re8
21. Rd2 Kf8 22. Rc1 Ke7 23. Re1+ Kd7 24. Rxe8 Nxe8 25. Na4 Kd6 26. Nc5 Nc7
27. a3 Rb8 28. Bf1 a5 29. Rb2 g5 30. Kg2 Ne6 31. Nxe6 fxe6 32. f4 gxf4 33. gxf4
c5 34. dxc5+ Kxc5 35. Kf3 Kd4 36. b4 Kc3 37. Rg2 Be4+ 0-1

[Event "Pohar mesta Ricany 2010 - cena Klidneho mesta"]
[Site "http://www.openricany.cz"]
[Date "2010.08.24"]
[Round "5.11"]
[White "Postupa Pavel"]
[Black "Hulin Petr"]
[Result "1-0"]
[WhiteElo "2149"]
[BlackElo "2037"]

1. e4 c5 2. Nf3 e6 3. d4 cxd4 4. Nxd4 a6 5. Bd3 Nf6 6. O-O d6 7. c4 Nc6 8. Nxc6
bxc6 9. Nc3 Be7 10. f4 e5 11. Kh1 O-O 12. Qe2 Rb8 13. b3 exf4 14. Bxf4 Qa5
15. Rac1 Bg4 16. Qf2 Bh5 17. Be2 Bg6 18. Bf3 Nd7 19. Rfd1 Ne5 20. c5 Rbd8
21. Qg3 Nxf3 22. gxf3 dxc5 23. Rxd8 Rxd8 24. Na4 Rd3 25. Nb2 Rd7 26. Nc4 Qd8
27. Qe1 Bh4 28. Qe2 Bg5 29. Bxg5 Qxg5 30. Rd1 Qd8 31. Rxd7 Qxd7 32. Ne5 Qe6
33. Qd3 h5 34. Nxg6 fxg6 35. Qc4 1-0

[Event "Pohar mesta Ricany 2010 - cena Klidneho mesta"]
[Site "http://www.openricany.cz"]
[Date "2010.08.24"]
[Round "5.43"]
[White "Berg Antonin"]
[Black "Sedivy Ondrej"]
[Result "1-0"]
[WhiteElo "1842"]
[BlackElo "1717"]

1. e4 e6 2. d4 d5 3. Nc3 Nf6 4. e5 Nfd7 5. f4 c5 6. dxc5 Bxc5 7. Nf3 O-O 8. Bd3
Nc6 9. Qe2 f6 10. Bd2 a6 11. Nd1 b5 12. c3 Nb6 13. b3 Bd7 14. Nf2 f5 15. O-O Rc8
16. Kh1 Be8 17. Bc2 Qd7 18. Nd3 Be7 19. Be3 Rb8 20. Nc5 Qc8 21. Qf2 Na8 22. Rac1
Nc7 23. Bb1 Na5 24. Nd3 Na8 25. Nd2 Rb7 26. Rc2 Rc7 27. Rfc1 Bf7 28. b4 Nb7
29. Nb3 Rc6 30. Ndc5 Nb6 31. Nd4 Bxc5 32. bxc5 Nd7 33. Nxc6 Qxc6 34. Rd2 Ndxc5
35. Bd4 Re8 36. h3 Qc7 37. a4 g6 38. axb5 axb5 39. Rg1 Kf8 40. Qh4 Bg8 41. Qg5
Ne4 42. Bxe4 fxe4 43. Qf6+ 1-0

[Event "Pohar mesta Ricany 2010 - cena Klidneho mesta"]
[Site "http://www.openricany.cz"]
[Date "2010.08.24"]
[Round "5.3"]
[White "Mejzlik Ondrej"]
[Black "Sodoma Jan"]
[Result "0-1"]
[WhiteElo "2225"]
[BlackElo "2364"]

1. c4 e5 2. Nc3 Nf6 3. g3 Nc6 4. Bg2 Bb4 5. a3 Bxc3 6. bxc3 d6 7. e4 O-O 8. Ne2
Ne8 9. O-O f5 10. f3 Nf6 11. d3 Qe8 12. Bg5 fxe4 13. fxe4 Qg6 14. Qd2 Bg4
15. Rf2 Rf7 16. Be3 b6 17. Raf1 Raf8 18. Nc1 h6 19. Bf3 Bh3 20. Bg2 Be6 21. Qe2
Nd8 22. Bd2 Bg4 23. Bf3 h5 24. Kg2 Ne6 25. h3 Bxf3+ 26. Rxf3 h4 27. Qe1 Nh5
28. Rxf7 Rxf7 29. Rxf7 Kxf7 30. g4 Nhf4+ 31. Kh2 Kg8 32. Qf2 Qf6 33. Kh1 Qh6
34. Qf3 Qg5 35. Nb3 Qh6 36. Kg1 g6 37. Kh1 Kg7 38. Kh2 a5 39. a4 Qg5 40. Kg1 Qe7
41. Kh2 Qe8 42. Nc1 Qd7 43. Bxf4 Nxf4 44. Ne2 Ne6 45. Qf2 Qe7 46. Nc1 Nc5
47. Qe3 Qf6 48. Ne2 Nxa4 49. Kg2 Nc5 50. d4 Ne6 51. dxe5 Qxe5 52. Nd4 Nxd4
53. cxd4 Qg3+ 0-1